| 000 | 00523nam a2200217 a 4500 | ||
|---|---|---|---|
| 999 |
_c9103 _d9103 |
||
| 001 | 9103 | ||
| 003 | BD-JhCC | ||
| 005 | 20180308134202.0 | ||
| 008 | 180308s1983 e |||| || | 000 0 eng d | ||
| 035 | _a(BD-JhCC)9103 | ||
| 040 |
_aBD-JhCC _dBD-JhCC |
||
| 041 | _aeng | ||
| 082 |
_a546 _bYOU 1983 |
||
| 100 | _aYoung, Jay A. | ||
| 245 |
_aChemical Concepts / _cJay A.Young, |
||
| 260 |
_aLondon : _bPretice-Hall, Inc, _c1983 |
||
| 300 |
_a152 p. : _c24 cm. |
||
| 650 | _aChemistry | ||
| 942 |
_2ddc _cBK |
||